Supplementary Estimates II(Recurrent Expenditure) For the National Government (Record no. 1078)

MARC details
000 -LEADER
fixed length control field 00450nam a22001217a 4500
008 - FIXED-LENGTH DATA ELEMENTS--GENERAL INFORMATION
fixed length control field 230612b xxu||||| |||| 00| 0 eng d
082 ## - DEWEY DECIMAL CLASSIFICATION NUMBER
Classification number 354.62
Item number GOK
100 ## - MAIN ENTRY--PERSONAL NAME
Titles and words associated with a name Government of Kenya
245 ## - TITLE STATEMENT
Title Supplementary Estimates II(Recurrent Expenditure) For the National Government
Remainder of title Estimate of further sums required to be voted for the service of the year ending 30th June, 2013
260 ## - PUBLICATION, DISTRIBUTION, ETC. (IMPRINT)
Place of publication, distribution, etc. Kenya
Name of publisher, distributor, etc. GOK
Date of publication, distribution, etc. 2013
300 ## - PHYSICAL DESCRIPTION
Extent various paging
942 ## - ADDED ENTRY ELEMENTS (KOHA)
Source of classification or shelving scheme Dewey Decimal Classification
Koha item type Books
Holdings
Withdrawn status Lost status Source of classification or shelving scheme Damaged status Not for loan Home library Current library Date acquired Total Checkouts Full call number Barcode Date last seen Price effective from Koha item type
    Dewey Decimal Classification     Bunge Tower Library Bunge Tower Library 06/12/2023   354.62 GOK 100001502 06/12/2023 06/12/2023 Books
LIBRARY OPENING HOURS

When the Parliament is sitting: 8.00a.m - 7.00p.m or until the house adjourns
Mondays and Fridays and when the House is on Recess:  8.00a.m - 5.00p.m
Closed on Weekends and Public Holidays

Online Public Access Catalog (OPAC)
Website: http://www.parliament.go.ke
Bunge Library: https://libraryir.parliament.go.ke
Contact: library@parliament.go.ke | Tel no: (254-2)2221291 or 2848000 Ext 5043